<?xml version="1.0" encoding="UTF-8"?>
<record
    xmlns:xsi="http://www.w3.org/2001/XMLSchema-instance"
    xsi:schemaLocation="http://www.loc.gov/MARC21/slim http://www.loc.gov/standards/marcxml/schema/MARC21slim.xsd"
    xmlns="http://www.loc.gov/MARC21/slim">

  <leader>00990nam a22002537a 4500</leader>
  <controlfield tag="008">240620b        mp ||||| |||| 00| 0 mon d</controlfield>
  <datafield tag="020" ind1=" " ind2=" ">
    <subfield code="a">978-99973-1-501-4</subfield>
  </datafield>
  <datafield tag="035" ind1=" " ind2=" ">
    <subfield code="a">20066</subfield>
  </datafield>
  <datafield tag="040" ind1=" " ind2=" ">
    <subfield code="a">UM0146080</subfield>
    <subfield code="b">mon</subfield>
    <subfield code="c">MN-UlNLM</subfield>
    <subfield code="d">MN-UlNLM</subfield>
    <subfield code="e">rda</subfield>
  </datafield>
  <datafield tag="041" ind1=" " ind2=" ">
    <subfield code="a">mon</subfield>
  </datafield>
  <datafield tag="042" ind1=" " ind2=" ">
    <subfield code="a">79851</subfield>
  </datafield>
  <datafield tag="084" ind1=" " ind2=" ">
    <subfield code="2">NNA</subfield>
    <subfield code="a">82.3/7&#x410;&#x43D;&#x430;/</subfield>
    <subfield code="b">&#x424;859</subfield>
  </datafield>
  <datafield tag="100" ind1=" " ind2=" ">
    <subfield code="a">&#x424;&#x430;&#x432;&#x438;&#x43B;&#x43B;&#x438; &#x42D;., &#x424;&#x440;&#x430;&#x43D;&#x447;&#x435;&#x441;&#x43A;&#x430; &#x41A;.</subfield>
  </datafield>
  <datafield tag="245" ind1=" " ind2="0">
    <subfield code="a">&#x422;&#x44D;&#x440;&#x441;&#x43B;&#x4AF;&#x4AF; &#x43E;&#x445;&#x438;&#x434;&#x43E;&#x434; &#x437;&#x43E;&#x440;&#x438;&#x443;&#x43B;&#x441;&#x430;&#x43D; &#x431;&#x44F;&#x446;&#x445;&#x430;&#x43D; &#x442;&#x4AF;&#x4AF;&#x445;&#x4AF;&#x4AF;&#x434;</subfield>
  </datafield>
  <datafield tag="264" ind1=" " ind2=" ">
    <subfield code="a">&#x423;&#x411;</subfield>
    <subfield code="b">&#x41C;&#x43E;&#x43D;&#x441;&#x443;&#x434;&#x430;&#x440;</subfield>
    <subfield code="c">2019</subfield>
  </datafield>
  <datafield tag="300" ind1=" " ind2=" ">
    <subfield code="a">212&#x445;.</subfield>
  </datafield>
  <datafield tag="336" ind1=" " ind2=" ">
    <subfield code="2">rdacontent</subfield>
    <subfield code="a">text</subfield>
    <subfield code="b">txt</subfield>
  </datafield>
  <datafield tag="337" ind1=" " ind2=" ">
    <subfield code="2">rdamedia</subfield>
    <subfield code="a">unmediated</subfield>
    <subfield code="b">n</subfield>
  </datafield>
  <datafield tag="338" ind1=" " ind2=" ">
    <subfield code="2">rdacarrier</subfield>
    <subfield code="a">volume</subfield>
    <subfield code="b">nc</subfield>
  </datafield>
  <datafield tag="490" ind1=" " ind2=" ">
    <subfield code="v">1</subfield>
  </datafield>
  <datafield tag="650" ind1=" " ind2=" ">
    <subfield code="a">&#x42D;&#x43D;&#x44D;&#x445;&#x4AF;&#x4AF; &#x43D;&#x43E;&#x43C;&#x434; &#x434;&#x443;&#x440;&#x434;&#x430;&#x433;&#x434;&#x441;&#x430;&#x43D; &#x433;&#x430;&#x439;&#x445;&#x430;&#x43B;&#x442;&#x430;&#x439; &#x431;&#x4AF;&#x441;&#x433;&#x4AF;&#x439;&#x447;&#x4AF;&#x4AF;&#x434; &#x44F;&#x43C;&#x430;&#x440; &#x447;&#x443;&#x445;&#x430;&#x43B; &#x43D;&#x44D;&#x44D;&#x43B;&#x442; &#x445;&#x438;&#x439;&#x436;, &#x44F;&#x43C;&#x430;&#x440; &#x438;&#x445; &#x437;&#x4AF;&#x440;&#x445; &#x437;&#x43E;&#x440;&#x438;&#x433; &#x448;&#x430;&#x430;&#x440;&#x434;&#x441;&#x430;&#x43D; &#x430;&#x434;&#x430;&#x43B; &#x44F;&#x432;&#x434;&#x430;&#x43B; &#x442;&#x443;&#x443;&#x43B;&#x436;, &#x445;&#x44D;&#x447;&#x43D;&#x44D;&#x44D;&#x43D; &#x441;&#x43E;&#x434; &#x443;&#x445;&#x430;...</subfield>
  </datafield>
  <datafield tag="942" ind1=" " ind2=" ">
    <subfield code="2">NNA</subfield>
    <subfield code="c">BK</subfield>
  </datafield>
  <datafield tag="952" ind1=" " ind2=" ">
    <subfield code="0">0</subfield>
    <subfield code="1">0</subfield>
    <subfield code="4">0</subfield>
    <subfield code="6">8237&#x410;&#x41D;&#x410;_&#x424;859</subfield>
    <subfield code="7">0</subfield>
    <subfield code="8">UM0141</subfield>
    <subfield code="a">UM0146080</subfield>
    <subfield code="b">UM0146080</subfield>
    <subfield code="c">UM0141</subfield>
    <subfield code="d">2024-06-30</subfield>
    <subfield code="g">29900.00</subfield>
    <subfield code="l">2</subfield>
    <subfield code="o">82.3/7&#x410;&#x43D;&#x430;/  &#x424;859</subfield>
    <subfield code="p">UM01420066-1-1</subfield>
    <subfield code="r">2026-03-19</subfield>
    <subfield code="s">2026-03-19</subfield>
    <subfield code="t">90496</subfield>
    <subfield code="y">BK</subfield>
  </datafield>
  <datafield tag="952" ind1=" " ind2=" ">
    <subfield code="0">0</subfield>
    <subfield code="1">0</subfield>
    <subfield code="4">0</subfield>
    <subfield code="6">8237&#x410;&#x41D;&#x410;_&#x424;859</subfield>
    <subfield code="7">0</subfield>
    <subfield code="8">UM0145</subfield>
    <subfield code="a">UM0146080</subfield>
    <subfield code="b">UM0146080</subfield>
    <subfield code="c">UM0145</subfield>
    <subfield code="d">2024-06-30</subfield>
    <subfield code="g">29900.00</subfield>
    <subfield code="l">0</subfield>
    <subfield code="o">82.3/7&#x410;&#x43D;&#x430;/  &#x424;859</subfield>
    <subfield code="p">UM01420066-2-1</subfield>
    <subfield code="r">2024-06-30</subfield>
    <subfield code="t">90497</subfield>
    <subfield code="y">BK</subfield>
  </datafield>
  <datafield tag="952" ind1=" " ind2=" ">
    <subfield code="0">0</subfield>
    <subfield code="1">0</subfield>
    <subfield code="4">0</subfield>
    <subfield code="6">8237&#x410;&#x41D;&#x410;_&#x424;859</subfield>
    <subfield code="7">0</subfield>
    <subfield code="8">UM0143</subfield>
    <subfield code="a">UM0146080</subfield>
    <subfield code="b">UM0146080</subfield>
    <subfield code="c">UM0143</subfield>
    <subfield code="d">2024-06-30</subfield>
    <subfield code="g">29900.00</subfield>
    <subfield code="l">0</subfield>
    <subfield code="o">82.3/7&#x410;&#x43D;&#x430;/  &#x424;859</subfield>
    <subfield code="p">UM01420066-3-1</subfield>
    <subfield code="r">2024-06-30</subfield>
    <subfield code="t">90498</subfield>
    <subfield code="y">BK</subfield>
  </datafield>
  <datafield tag="952" ind1=" " ind2=" ">
    <subfield code="0">0</subfield>
    <subfield code="1">0</subfield>
    <subfield code="4">0</subfield>
    <subfield code="6">8237&#x410;&#x41D;&#x410;_&#x424;859</subfield>
    <subfield code="7">0</subfield>
    <subfield code="8">UM0143</subfield>
    <subfield code="a">UM0146080</subfield>
    <subfield code="b">UM0146080</subfield>
    <subfield code="c">UM0143</subfield>
    <subfield code="d">2024-06-30</subfield>
    <subfield code="g">29900.00</subfield>
    <subfield code="l">0</subfield>
    <subfield code="o">82.3/7&#x410;&#x43D;&#x430;/  &#x424;859</subfield>
    <subfield code="p">UM01420066-3-2</subfield>
    <subfield code="r">2024-06-30</subfield>
    <subfield code="t">93036</subfield>
    <subfield code="y">BK</subfield>
  </datafield>
  <datafield tag="999" ind1=" " ind2=" ">
    <subfield code="c">1023273</subfield>
    <subfield code="d">1023330</subfield>
  </datafield>
</record>
